[Event "American Continental 02nd"]
[Site "Buenos Aires"]
[Date "2003.08.19"]
[Round "3"]
[White "Escobedo Tinajero, Alberto"]
[Black "Zarnicki, Pablo Adrian"]
[Result "0-1"]
[WhiteElo "2405"]
[BlackElo "2530"]
[PlyCount "112"]
[EventDate "2003.08.17"]
[EventType "swiss"]
[EventRounds "11"]
[EventCountry "ARG"]
[SourceTitle "CBM 097"]
[Source "ChessBase"]
[SourceDate "2003.11.11"]
[SourceVersion "1"]
[SourceVersionDate "2003.11.11"]
[SourceQuality "1"]

1. d4 Nf6 2. c4 g6 3. Nc3 Bg7 4. e4 d6 5. f3 0-0 6. Be3 c5 7. d5 e6 8. dxe6 Bxe6 9. Bd3 Nc6 10. Nge2 Nd7 11. 0-0 Nde5 12. b3 Nd4 13. Rc1 a6 14. Bb1 Nec6 15. Nd5 b5 16. Nxd4 Nxd4 17. Bd3 Bxd5 18. exd5 Re8 19. Bxd4 Bxd4+ 20. Kh1 b4 21. Rc2 a5 22. Re2 Rxe2 23. Qxe2 a4 24. f4 axb3 25. axb3 Qe8 26. Qxe8+ Rxe8 27. g3 Re3 28. Rd1 Kg7 29. Kg2 f5 30. h3 Kf6 31. g4 fxg4 32. hxg4 g5 33. f5 Be5 34. Kf2 Rg3 35. Ke2 Rxg4 36. Rh1 Rg2+ 37. Kf3 Rd2 38. Be4 Bh2 39. Kg4 Rf2 40. Bb1 Rf4+ 41. Kh3 Rh4+ 42. Kg2 Bg3 43. Rh3 Bf2 44. Rd3 Bd4 45. Rd2 Be5 46. Kg1 Rd4 47. Rxd4 Bxd4+ 48. Kg2 h5 49. Bd3 g4 50. Bc2 Kg5 51. Bd3 Kf4 52. f6 Bxf6 53. Bg6 h4 54. Bf7 h3+ 55. Kg1 Kg3 56. Bg6 Bd4+ 0-1